<?xml version="1.0" encoding="UTF-8"?><?xml-stylesheet type="text/xsl" href="static/style.xsl"?><OAI-PMH xmlns="http://www.openarchives.org/OAI/2.0/" xmlns:xsi="http://www.w3.org/2001/XMLSchema-instance" xsi:schemaLocation="http://www.openarchives.org/OAI/2.0/ http://www.openarchives.org/OAI/2.0/OAI-PMH.xsd"><responseDate>2026-04-13T04:09:41Z</responseDate><request verb="GetRecord" identifier="oai:www.recercat.cat:10256/10740" metadataPrefix="marc">https://recercat.cat/oai/request</request><GetRecord><record><header><identifier>oai:recercat.cat:10256/10740</identifier><datestamp>2024-12-05T09:13:58Z</datestamp><setSpec>com_2072_452971</setSpec><setSpec>com_2072_2054</setSpec><setSpec>col_2072_452981</setSpec></header><metadata><record xmlns="http://www.loc.gov/MARC21/slim" xmlns:dcterms="http://purl.org/dc/terms/" xmlns:xsi="http://www.w3.org/2001/XMLSchema-instance" xmlns:doc="http://www.lyncode.com/xoai" xsi:schemaLocation="http://www.loc.gov/MARC21/slim http://www.loc.gov/standards/marcxml/schema/MARC21slim.xsd">
   <leader>00925njm 22002777a 4500</leader>
   <datafield ind2=" " ind1=" " tag="042">
      <subfield code="a">dc</subfield>
   </datafield>
   <datafield ind2=" " ind1=" " tag="720">
      <subfield code="a">Prades, Josep Lluís</subfield>
      <subfield code="e">author</subfield>
   </datafield>
   <datafield ind2=" " ind1=" " tag="260">
      <subfield code="c">2011</subfield>
   </datafield>
   <datafield ind2=" " ind1=" " tag="520">
      <subfield code="a">Review of the book "Expression and the Inner", by D. Finkelstein. The author of the bibliographic review suggests the need to ground one of the key arguments in David Finkelstein's book, "Expression and the Inner", on some general considerations about the irreducibility of the intentionality. The determination of linguistic meaning requires the determination of intentional content. I do not deny the relevance of the fact, on which Finkelstein rightly insists, that we do not normally perceive any gap between certain forms of expression and the expressed content. This is a crucial epistemic point: we do not need to interpret certain basic forms of expression. In order to show that inentional content is determined, we must also insist on the fact that our blind epistemic reactions set the limits of what should count as conceivable ways of expressing and perceiving basic intentional contents</subfield>
   </datafield>
   <datafield tag="653" ind2=" " ind1=" ">
      <subfield code="a">Filosofia -- Ressenyes de llibres</subfield>
   </datafield>
   <datafield tag="653" ind2=" " ind1=" ">
      <subfield code="a">Philosophy -- Book reviews</subfield>
   </datafield>
   <datafield ind2="0" ind1="0" tag="245">
      <subfield code="a">Why enough should be enough: the role of expressive behaviour</subfield>
   </datafield>
</record></metadata></record></GetRecord></OAI-PMH>